000 00367pab a2200157 454500
008 180718b2010 xxu||||| |||| 00| 0 eng d
100 _aAreekkuzhiyil, Santosh
245 _aFrom pedagogy to andragogy
260 _c2010
300 _ap.21-23.
362 _a11 Oct
650 _aEducational sciences
773 _aUniversity News
908 _aN
909 _a89273
999 _c89273
_d89273